<?xml version="1.0" encoding="UTF-8"?><?xml-stylesheet type="text/xsl" href="static/style.xsl"?><OAI-PMH xmlns="http://www.openarchives.org/OAI/2.0/" xmlns:xsi="http://www.w3.org/2001/XMLSchema-instance" xsi:schemaLocation="http://www.openarchives.org/OAI/2.0/ http://www.openarchives.org/OAI/2.0/OAI-PMH.xsd"><responseDate>2026-04-14T07:33:38Z</responseDate><request verb="GetRecord" identifier="oai:www.recercat.cat:20.500.12327/1530" metadataPrefix="marc">https://recercat.cat/oai/request</request><GetRecord><record><header><identifier>oai:recercat.cat:20.500.12327/1530</identifier><datestamp>2025-10-22T11:03:55Z</datestamp><setSpec>com_2072_4428</setSpec><setSpec>com_2072_4427</setSpec><setSpec>col_2072_487898</setSpec></header><metadata><record xmlns="http://www.loc.gov/MARC21/slim" xmlns:dcterms="http://purl.org/dc/terms/" xmlns:xsi="http://www.w3.org/2001/XMLSchema-instance" xmlns:doc="http://www.lyncode.com/xoai" xsi:schemaLocation="http://www.loc.gov/MARC21/slim http://www.loc.gov/standards/marcxml/schema/MARC21slim.xsd">
   <leader>00925njm 22002777a 4500</leader>
   <datafield ind2=" " ind1=" " tag="042">
      <subfield code="a">dc</subfield>
   </datafield>
   <datafield ind2=" " ind1=" " tag="720">
      <subfield code="a">Boukid, Fatma</subfield>
      <subfield code="e">author</subfield>
   </datafield>
   <datafield ind2=" " ind1=" " tag="720">
      <subfield code="a">Pasqualone, Antonella</subfield>
      <subfield code="e">author</subfield>
   </datafield>
   <datafield ind2=" " ind1=" " tag="260">
      <subfield code="c">2021-11-13</subfield>
   </datafield>
   <datafield ind2=" " ind1=" " tag="520">
      <subfield code="a">Lupines (Lupinus spp.) have emerged as a cheap functional food with the advantages of being non-genetically modifed crop,&#xd;
able to adapt to harsh conditions and low-input farming. Lupines are rich in protein and poor in starch, similar to soy. The&#xd;
factor limiting the use of lupine is the presence of quinolizidine alkaloids especially in bitter species. Nevertheless, modern&#xd;
breeding programs ensured the selection of sweet lupine species with reduced alkaloid content (≤0.2 g/kg DM). Numerous&#xd;
techniques have been employed to produce lupine protein isolates, concentrates and hydrolysates. These proteins are rich in&#xd;
bioactive peptides associated with health-related benefts and have been reported with interesting techno-functional properties. Lupine Protein isolates and concentrates are used mostly for developing healthy foods, while hydrolysates are more&#xd;
applied in nutraceutical and cosmetic industries. Further research is needed to ensure better safety and wider spectrum of&#xd;
application through adequate strategies for allergenicity mitigation and improving techno-functionality.</subfield>
   </datafield>
   <datafield ind1="8" ind2=" " tag="024">
      <subfield code="a">Boukid, Fatma, and Antonella Pasqualone. 2021. "Lupine (Lupinus Spp.) Proteins: Characteristics, Safety And Food Applications". European Food Research And Technology 248 (2): 345-356. doi:10.1007/s00217-021-03909-5.</subfield>
   </datafield>
   <datafield ind1="8" ind2=" " tag="024">
      <subfield code="a">1438-2377</subfield>
   </datafield>
   <datafield ind1="8" ind2=" " tag="024">
      <subfield code="a">http://hdl.handle.net/20.500.12327/1530</subfield>
   </datafield>
   <datafield ind1="8" ind2=" " tag="024">
      <subfield code="a">https://doi.org/10.1007/s00217-021-03909-5</subfield>
   </datafield>
   <datafield ind2="0" ind1="0" tag="245">
      <subfield code="a">Lupine (Lupinus spp.) proteins: characteristics, safety and food applications</subfield>
   </datafield>
</record></metadata></record></GetRecord></OAI-PMH>